000 00396nam a22001697a 4500
005 20160615125719.0
008 160615b xxu||||| |||| 00| 0 eng d
020 _a81-207-2422-4
041 _aeng
082 _b7771
100 _aJethwanry, Jaishri N. and others
_91990
245 _aPublic Relations
260 _bSterling
_c2003
300 _a209
650 _aManagement
_9241
942 _cBK
999 _c2781
_d2780